000 00258nam a2200097Ia 4500
008 220214s9999 xx 000 0 und d
100 _aVijayakumar KR
245 0 _aRubber patta marachalum tap cheyyam (Malayalam)
260 _bDeepika daily
_c2004
942 _cRE
999 _c45710
_d45710